000
00332nam a2200145Ia 4500
003
OSt
005
20231116085725.0
008
170524s9999 xx 000 0 und d
020
_a
9788176567138
040
_c
IIMT UNIVERSITY
100
_a
JAIN- SATISH
245
0
_a
O LEVEL MADE SIMPLE
260
_b
DELHI : ANMOL
942
_2
ddc
_c
02
999
_c
8398
_d
8398